000 00573nam a2200205Ia 4500
003 GCL
005 20240530105306.0
008 140319s9999 xx 000 0 ara d
020 _a1855130947
040 _aGCL /
_cGCL
082 0 4 _a956.1
_bم ذ
100 1 _aمصطفى الزين
245 1 0 _aذئب الاناضول /
_cمصطفى الزين
260 _aلندن :
_bرياض الريس للكتب والنشر ،
_c1991
300 _a381
650 0 4 _aتاريخ
650 0 4 _aتركيا
650 0 4 _aمصطفى كمال اتاتورك
942 _2ddc
_cBK
999 _c54661
_d54661